| 000 | 00000nam 2200000zi 4500 |
| 001 | 9.868552 |
| 003 | CaOODSP |
| 005 | 20221107162622 |
| 006 | m o d f |
| 007 | cr ||||||||||| |
| 008 | 190219t20192019bccbd #ob f000 0 fre d |
| 040 | |aCaOODSP|bfre|erda|cCaOODSP |
| 043 | |an-cn-bc |
| 086 | 1 |aFs70-7/2019-001F-PDF |
| 245 | 00|aÉtat du hareng du Pacifique (Clupea pallasii) en 2018 et prévisions pour 2019. |
| 246 | 17|aRéponse des sciences : |bhareng du Pacifique en 2018 et prévisions pour 2019 |
| 264 | 1|aNanaimo (Colombie-Britannique) : |bCentre des avis scientifiques, Région du Pacifique, Pêches et océans Canada, |c2019. |
| 264 | 4|c©2019 |
| 300 | |a1 ressource en ligne (39 pages) : |bcartes, graphiques. |
| 336 | |atexte|btxt|2rdacontent/fre |
| 337 | |ainformatique|bc|2rdamedia/fre |
| 338 | |aressource en ligne|bcr|2rdacarrier/fre |
| 490 | 1 |aRéponse des sciences, |x1919-3815 ; |v2019/001 |
| 500 | |aTitre de départ. |
| 500 | |a« Janvier 2019. » |
| 500 | |aPublié aussi en anglais sous le titre : Status of Pacific Herring (Clupea pallasii) in 2018 and forecast for 2019. |
| 504 | |aComprend des références bibliographiques. |
| 520 | |a« À l’heure actuelle, les pêches au hareng du Pacifique en Colombie-Britannique comprennent les possibilités de pêche commerciale de consommation et pour le marché des appâts, d’oeufs sur varech et de hareng rogué. Il existe aussi des possibilités de pêches autochtones à des fins alimentaires, sociales et rituelles (ASR) et de pêches récréatives » -- Page 2. |
| 692 | 07|2gccst|aPêcheries |
| 692 | 07|2gccst|aPrévision |
| 692 | 07|2gccst|aGestion de l'environnement |
| 710 | 1 |aCanada. |bMinistère des pêches et des océans. |bRégion du Pacifique. |
| 710 | 2 |aSecrétariat canadien de consultation scientifique. |
| 775 | 08|tStatus of Pacific Herring (Clupea pallasii) in 2018 and forecast for 2019.|w(CaOODSP)9.868548 |
| 830 | #0|aRéponse des sciences (Secrétariat canadien de consultation scientifique)|x1919-3815 ; |v2019/001.|w(CaOODSP)9.502630 |
| 856 | 40|qPDF|s7.86 Mo|uhttps://publications.gc.ca/collections/collection_2019/mpo-dfo/fs70-7/Fs70-7-2019-001-fra.pdf |